Vista normal
Vista MARC
Entrada Nombre de reunión
Número de registros utilizados en: 1
001 - NÚMERO DE CONTROL
- campo de control: 132327
003 - IDENTIFICADOR DE NÚMERO DE CONTROL
- campo de control: mxcmmo
005 - FECHA Y HORA DE LA ÚLTIMA TRANSACCIÓN
- campo de control: 20241018040530.0
008 - ELEMENTOS DE DATO DE LONGITUD-FIJA
- campo de control de longitud fija: 241018|| aca||aabn | a|a d
040 ## - FUENTE DE CATALOGACIÓN
- Centro catalogador/agencia de origen: mxcmmo
- Centro/agencia transcriptor: mxcmmo
111 ## - ENCABEZAMIENTO--NOMBRE DE CONGRESO/REUNIÓN
- Nombre de congreso/reunión o jurisdicción como elemento de entrada: Liga de Comunidades Agrarias y Sindicatos Campesinos (Tamaulipas)
- Número del congreso/reunión o número de parte o sección: (1 :
- Sede del congreso/Lugar de la reunión: 1926)
670 ## - FUENTE DE DATOS ENCONTRADOS
- Cita de la fuente: Work cat.: (mxcmmo)75922: Liga de Comunidades Agrarias y Sindicatos Campesinos (Tamaulipas) Convención (1 : 1926), Primera Convención de la Liga de Comunidades Agrarias y Sindicatos Campesinos del Estado de Tamaulipas, 1926